| 000 | 00471nam a2200181Ia 4500 | ||
|---|---|---|---|
| 001 | 9715 | ||
| 005 | 20260306161738.0 | ||
| 008 | 260306t2006||||xx |||||||||||||| ||spa|| | ||
| 041 | _aESP | ||
| 082 |
_a401.985 _bG67 V. 1 |
||
| 100 |
_aGonzález Moreyra, Raúl _eAUT |
||
| 245 | 0 |
_aProblemas psicolingüísticos en el Perú: _bevidencias empíricas |
|
| 260 | _c2006 | ||
| 300 |
_a299 páginas : _c22 cm. |
||
| 650 | _aGEN | ||
| 654 | _aCHU | ||
| 942 |
_cLIB _dJUS _fJUS _2ddc _n |
||
| 999 |
_c9715 _d9715 |
||